000 01892nam a2200493Ii 4500
001 DIGSCR0023
003 NyNyDIG
006 m o d
007 cr |||||||||||
008 100625s1986 mdu ob 000 0 eng d
020 _z0916379337
020 _z9780916379339
035 _a(OCoLC)566271346
040 _aDGITA
_beng
_epn
_cDGITA
041 1 _aeng
_aita
043 _ae-it---
050 1 4 _aPR5408 eBook
100 1 _aYost, George,
_d1910-
245 1 0 _aPieracci and Shelley, an Italian ur-Cenci /
_cGeorge Yost.
264 1 _aPotomac, Md., U.S.A. :
_bScripta Humanistica,
_c1986.
300 _a1 online resource (ix, 141 pages)
336 _atext
_btxt
_2rdacontent
337 _acomputer
_bc
_2rdamedia
338 _aonline resource
_bcr
_2rdacarrier
490 1 _aScripta humanistica ;
_v19.
500 _aIncludes the original Italian and English translation version of Vincenzo Pieracci's Beatrice Cenci.
504 _aIncludes bibliographical references.
600 1 0 _aShelley, Percy Bysshe,
_d1792-1822
_tCenci
_x Sources.
600 1 0 _aPieracci, Vincenzo,
_d1768-1834.
_tBeatrice Cenci.
600 1 0 _aShelley, Percy Bysshe,
_d1792-1822
_xKnowledge
_zItaly.
600 1 0 _aPieracci, Vincenzo,
_d1768-1834
_xInfluence.
600 1 0 _aCenci, Beatrice,
_d1577-1599
_xIn literature.
600 1 0 _aCenci, Beatrice,
_d1577-1599
_vDrama.
650 0 _aEnglish poetry
_xItalian influences.
651 0 _aRome (Italy)
_xIn literature.
655 0 _aElectronic books.
700 1 2 _aPieracci, Vincenzo,
_d1768-1834.
_tBeatrice Cenci.
_lEnglish & Italian.
_f1986.
791 2 _aDigitalia (Firm),
_edistributor.
830 0 _aScripta Humanistica (Series) ;
_v19.
793 0 _gDigitalia eBook Collection:
_aScripta Humanistica.
856 4 0 _3Digitalia Hispánica
_uhttps://www.digitaliapublishing.com/a/252/
910 _aPremium Collection: 2007-2012
942 _cRAA
999 _c229343
_d229343